| 000 | 00638nam a22002297a 4500 | ||
|---|---|---|---|
| 005 | 20170124110213.0 | ||
| 010 | _aB-131236 | ||
| 020 | _c155.00 | ||
| 035 | _aB-131236 | ||
| 037 | _bCen Lib/Ret | ||
| 040 |
_aDPL _bEN |
||
| 082 |
_a000 _bLAL |
||
| 100 |
_aLal _9106167 |
||
| 245 |
_aUpkar's L.L.B entrance exam. / _cby Lal [and] Jain |
||
| 260 |
_aAgra _bUpkar Prakashan |
||
| 270 |
_a2/11A, Swadeshi Bima Nagar _bAgra _e282002 |
||
| 300 |
_aVarious Pages _c23cm(pbk) |
||
| 650 |
_aL.L.B. entrance _938525 |
||
| 650 |
_aL.L.B. entrance exam test _938526 |
||
| 700 |
_aJain _9474 |
||
| 942 |
_2ddc _cEN _h000 _mLAL |
||
| 999 |
_c133646 _d133646 |
||